| 000 | 00490nam a22001457a 4500 | ||
|---|---|---|---|
| 003 | OSt | ||
| 005 | 20151001150524.0 | ||
| 008 | 151001b xxu||||| |||| 00| 0 eng d | ||
| 040 | _cRUA | ||
| 082 | _aAGR ហម 1995 B002 Or.1 | ||
| 100 |
_91690 _aហម វណ្ណា |
||
| 245 | _aAgro-forestry potential in battambang province, សក្តានុពលកសិរុក្ខកម្មនៅខេត្តបាត់ដំបង | ||
| 300 |
_a92p. _bill. _c29cm. |
||
| 942 |
_2ddc _cAGR |
||
| 999 |
_c1592 _d1592 |
||